ARRUPE JESUIT UNIVERSITY

CORONAVIRUS -STOP THE SPREAD - CLEAN,DISINFECT,COVER

Candid questions concerning gospel form criticism (Record no. 122629)

MARC details
000 -LEADER
fixed length control field 00762nam a22001817a 4500
008 - FIXED-LENGTH DATA ELEMENTS--GENERAL INFORMATION
fixed length control field 150409b xxu||||| |||| 00| 0 eng d
020 ## - INTERNATIONAL STANDARD BOOK NUMBER
International Standard Book Number 0915138247
050 ## - LIBRARY OF CONGRESS CALL NUMBER
Classification number BS2555.2.G7613
100 ## - MAIN ENTRY--PERSONAL NAME
Personal name Guttgemanns, Erhardt
9 (RLIN) 17076
245 ## - TITLE STATEMENT
Title Candid questions concerning gospel form criticism
Remainder of title a methological sketch of the fundamental problematics of form and redaction criticism
Statement of responsibility, etc /by Erhardt, Guttgemanns
260 ## - PUBLICATION, DISTRIBUTION, ETC. (IMPRINT)
Place of publication, distribution, etc Pennsylvania
Name of publisher, distributor, etc The Pickwick Press
Date of publication, distribution, etc 1979
300 ## - PHYSICAL DESCRIPTION
Extent xix,418p. ;
Dimensions 22cm.
440 ## - SERIES STATEMENT/ADDED ENTRY--TITLE
Title Pittsburgh theological monograph series
Number of part/section of a work no.26
9 (RLIN) 17077
650 ## - SUBJECT ADDED ENTRY--TOPICAL TERM
Topical term or geographic name as entry element Bible N.T. Gospel
General subdivision Criticism, form
9 (RLIN) 17078
700 ## - ADDED ENTRY--PERSONAL NAME
Personal name Doty, William G. (Trans.)
9 (RLIN) 17079
700 ## - ADDED ENTRY--PERSONAL NAME
Personal name Hadidian, Dikran Y. (series general editor)
9 (RLIN) 17080
942 ## - ADDED ENTRY ELEMENTS (KOHA)
Source of classification or shelving scheme Library of Congress Classification
Item type Monograph ( Printed materials)
Holdings
Withdrawn status Lost status Source of classification or shelving scheme Damaged status Not for loan Collection code Home library Current library Shelving location Date acquired Total Checkouts Full call number Barcode Date last seen Price effective from Koha item type
    Library of Congress Classification     Main Collection ARRUPE LIBRARY ARRUPE LIBRARY Main Collection 09/04/2015   BS2555.2.G7613 46500002504 09/04/2015 09/04/2015 Monograph ( Printed materials)

 

Arrupe Library. PO Box MP320 Mt Pleasant, Harare, Zimbabwe
263 242 745411|librarian@aju.ac.zw